LIBRARY & INFORMATION CENTRE, KCAET, TAVANUR

ONLINE PUBLIC ACCESS CATALOGUE (OPAC)

Engineering Mathematics / (Record no. 3322)

MARC details
000 -LEADER
fixed length control field 00467cam a2200181ua 4500
041 ## - LANGUAGE CODE
Language code of text/sound track or separate title eng
082 ## - DEWEY DECIMAL CLASSIFICATION NUMBER
Classification number 519.062
Item number CHA/EN
100 ## - MAIN ENTRY--AUTHOR NAME
Personal name Chawla , Dass C.
245 ## - TITLE STATEMENT
Title Engineering Mathematics /
250 ## - EDITION STATEMENT
Edition statement 11 /
260 ## - PUBLICATION, DISTRIBUTION, ETC. (IMPRINT)
Place of publication New Delhi :
Name of publisher Asian Publishers 3911 reshanpura Nai Sank ,
Year of publication 1992.
942 ## - ADDED ENTRY ELEMENTS (KOHA)
Koha item type Books
Holdings
Withdrawn status Lost status Damaged status Home library Current library Shelving location Date acquired Full call number Accession Number Koha item type
    Damaged KAUAET KAUAET Binding Shelf 07/04/2012 519.062 19310 Books
      KAUAET KAUAET   07/04/2012 519.062 19334 Books
free website counter